书目信息 |
| 题名: |
我见过美丽的景象
|
|
| 作者: | 崔卫平 著 | |
| 分册: | ||
| 出版信息: | 南昌 百花洲文艺出版社 2000.08 |
|
| 页数: | 194页 | |
| 开本: | 32开 | |
| 丛书名: | ||
| 单 册: | ||
| 中图分类: | I267.1 | |
| 科图分类: | ||
| 主题词: | 散文--中国 , 散文--作品综合集--中国 | |
| 电子资源: | ||
| ISBN: | 7-80647-202-9 | |
| 000 | 00592nam0 2200205 45 | |
| 001 | 0106061107 | |
| 005 | 20010606113553.2 | |
| 010 | @a7-80647-202-9@d11.50元 | |
| 100 | @a20010606d2000 km y0chiy0120 ea | |
| 101 | 0 | @achi |
| 105 | @a z 000yy | |
| 200 | 1 | @a我见过美丽的景象@AWo Jian Guo Mei Li De Jing Xiang@f崔卫平著@FCui Wei Ping Zhu |
| 210 | @a南昌@c百花洲文艺出版社@d2000.08 | |
| 215 | @a194页@d32开 | |
| 606 | 0 | @a散文@x中国 |
| 606 | 0 | @a散文@x作品综合集@x中国 |
| 690 | @aI267.1@v3 | |
| 701 | 0 | @a崔卫平@4著 |
| 801 | @aCN@bPftUser@c20010606 | |
| 905 | @b345831-835@dI267.1@eC697@f5 | |
| 我见过美丽的景象/崔卫平著.-南昌:百花洲文艺出版社,2000.08 |
| 194页;32开 |
| ISBN 7-80647-202-9:11.50元 |
| ● |
| 相关链接 |
|
|
|
正题名:我见过美丽的景象
索取号:I267.1/C697
 
预约/预借
| 序号 | 登录号 | 条形码 | 馆藏地/架位号 | 状态 | 备注 |
| 1 | 345831 | 203458310 | 社科二线400B/400B社科库 27排1列5层/ [索取号:I267.1/C697] | 在馆 | |
| 2 | 345832 | 203458329 | 社科二线400B/400B社科库 27排1列5层/ [索取号:I267.1/C697] | 在馆 | |
| 3 | 345833 | 203458338 | 社科二线400B/400B社科库 27排1列5层/ [索取号:I267.1/C697] | 在馆 | |
| 4 | 345834 | 203458347 | 社科二线422/422社科库 27排3列1层/ [索取号:I267.1/C697] | 在馆 | |
| 5 | 345835 | 203458356 | 社科二线422/422社科库 27排3列1层/ [索取号:I267.1/C697] | 在馆 |